अंतिम परिच्छेद / (Record no. 117765)
[ view plain ]
| 000 -LEADER | |
|---|---|
| fixed length control field | 01015nam a22002537a 4500 |
| 005 - DATE AND TIME OF LATEST TRANSACTION | |
| control field | 20170124103100.0 |
| 010 ## - LIBRARY OF CONGRESS CONTROL NUMBER | |
| LC control number | A-776424 |
| 020 ## - INTERNATIONAL STANDARD BOOK NUMBER | |
| Terms of availability | 60.00 |
| International Standard Book Number | 8186298126 |
| 035 ## - SYSTEM CONTROL NUMBER | |
| System control number | A-776424 |
| 037 ## - SOURCE OF ACQUISITION | |
| Source of stock number/acquisition | Cen Lib/Ret |
| 040 ## - CATALOGING SOURCE | |
| Original cataloging agency | DPL |
| Language of cataloging | HN |
| 082 ## - DEWEY DECIMAL CLASSIFICATION NUMBER | |
| Classification number | क |
| Item number | नायक |
| 100 ## - MAIN ENTRY--PERSONAL NAME | |
| Personal name | नायक,काशी |
| 9 (RLIN) | 76709 |
| 245 ## - TITLE STATEMENT | |
| Title | अंतिम परिच्छेद / |
| Statement of responsibility, etc | काशी नायक |
| 246 ## - VARYING FORM OF TITLE | |
| Title proper/short title | Antim parichched / |
| Remainder of title | by Kaashi Nayak |
| 260 ## - PUBLICATION, DISTRIBUTION, ETC. (IMPRINT) | |
| Place of publication, distribution, etc | इलाहाबाद |
| Name of publisher, distributor, etc | परिमल प्रकाशन |
| Date of publication, distribution, etc | 1996 |
| 270 ## - ADDRESS | |
| Address | 17, एम.आई.जी, बाघम्बरी आवास योजना अल्लाह्पुर |
| City | इलाहाबाद |
| Postal code | 211006 |
| 300 ## - PHYSICAL DESCRIPTION | |
| Extent | 32पृ. |
| Dimensions | 16सेमी (सजिल्द) |
| 650 ## - SUBJECT ADDED ENTRY--TOPICAL TERM | |
| Topical term or geographic name as entry element | साहित्य--कथा |
| 9 (RLIN) | 42948 |
| 650 ## - SUBJECT ADDED ENTRY--TOPICAL TERM | |
| Topical term or geographic name as entry element | हिंदी--कहानियां |
| 9 (RLIN) | 2082 |
| 650 ## - SUBJECT ADDED ENTRY--TOPICAL TERM | |
| Topical term or geographic name as entry element | Literature--Fiction |
| 9 (RLIN) | 76710 |
| 650 ## - SUBJECT ADDED ENTRY--TOPICAL TERM | |
| Topical term or geographic name as entry element | Hindi-- Fiction |
| 9 (RLIN) | 27248 |
| 942 ## - ADDED ENTRY ELEMENTS (KOHA) | |
| Source of classification or shelving scheme | Dewey Decimal Classification |
| Koha item type | Hindi Books |
| Classification part | क |
| Call number suffix | नायक |
| Withdrawn status | Lost status | Damaged status | Not for loan | Home library | Current library | Date acquired | Source of acquisition | Cost, normal purchase price | Total Checkouts | Full call number | Barcode | Date last seen | Copy number | Cost, replacement price | Price effective from | Koha item type | Public note |
|---|---|---|---|---|---|---|---|---|---|---|---|---|---|---|---|---|---|
| Written off | Central Library | Central Library | 08/09/2015 | Cen Lib/Ref | 60.00 | क नायक | A-776424 | 08/09/2015 | 1 | 60.00 | 08/09/2015 | Hindi Books | Written off on approval by DLB (By Circulation); dtd 20.12.2022 |
